000 02136nam0a2200385 4500
001 RU\NLR\bibl\53635
005 20250616084928.0
010 _a5-230-03704-0
_9300
021 _aRU
_b99-30401
_91482
035 _a(NLR Aleph) 000052334
090 _a281048
_c281048
100 _a19991019d1999 |||y0rusy50 ca
101 0 _arus
102 _aRU
105 _aa |||||||||
200 1 _aСамостоятельная работа студентов в техническом вузе: научно-методические основы и практика
_eУчеб. пособие для слушателей фак. повышения квалификации, преподавателей и студентов
_fВ.Г.Кучеров, В.Н.Подлеснов, Ю.В.Попов, Е.Р.Андросюк
_gМ-во общ. и проф. образования Рос. Федерации, Волгогр. гос. техн. ун-т
205 _a[2-е изд., с изм.]
210 _aВолгоград
_cПолитехник
_d1999
215 _a116,[1]с.
_cил.
_d20
320 _aБиблиогр. в конце кн. (55 назв.)
606 0 _aВысшие технические учебные заведения
_xУчебная работа студентов
_91321762
_3RU\NLR\auth\66233413
606 1 _aВысшие технические учебные заведения
_xСтуденты
_xСамостоятельная работа
_92478909
_3RU\NLR\AUTH\661471719
686 1 _aЧ488.71-268
701 1 _aКучеров
_bВ. Г.
_gВиктор Григорьевич
_4070
701 1 _aПодлеснов
_bВ. Н.
_gВладислав Николаевич
_4070
701 1 _4070
_7ca
_8rus
_aПопов
_bЮ.В.
_cд-р хим. наук
_f1947-
_gЮрий Васильевич
_912047
_3RU\NLR\auth\7729018
701 1 _aАндросюк
_bЕ. Р.
_gЕвгения Романовна
_4070
801 0 _aRU
_bNLR
_c19991019
_gPSBO
801 1 _aRU
_bNLR
_c19991019
830 _aАвт. раскрыты по кн.
852 _aNLR
_j99-3/12774
942 _cBOOK
980 _aNB